000 00351nam a2200133Ia 4500
003 GCL
008 140319s9999 xx 000 0 ara d
040 _aGCL /
_cGCL
082 0 4 _a254
_bم ا
245 1 0 _aالاسرة السعيدة فى ظل تعاليم الاسلام
260 _a[S.N] :
_bدار الجيل ،
_c923
300 _a120
490 _a
999 _c54957
_d54957